Lucent's: (Record no. 199384)

MARC details
000 -LEADER
fixed length control field 00735nam a22002417a 4500
005 - DATE AND TIME OF LATEST TRANSACTION
control field 20231201145340.0
010 ## - LCCN (DPL NO)
LC control number ENG-138532
020 ## - INTERNATIONAL STANDARD BOOK NUMBER
Terms of availability 480.00
International Standard Book Number 9788192933542
035 ## - SYSTEM CONTROL NUMBER
System control number EN-122064
037 ## - SOURCE OF ACQUISITION
Source of stock number/acquisition DBAD/PUB
082 ## - DEWEY DECIMAL CLASSIFICATION NUMBER
Classification number 000
100 ## - MAIN ENTRY--PERSONAL NAME
Personal name Kumar, Sanjiv
245 ## - TITLE STATEMENT
Title Lucent's:
Remainder of title Objective General Knowledge/
Statement of responsibility, etc by Sanjiv Kumar...{et.al}
260 ## - PUBLICATION, DISTRIBUTION, ETC. (IMPRINT)
Place of publication, distribution, etc Patna
Name of publisher, distributor, etc Lucent Publications
Date of publication, distribution, etc 2022
270 ## - ADDRESS
City Bihar
Address New Bypass Road Ashochak
Postal code 800030
Telephone number 07766913350
300 ## - PHYSICAL DESCRIPTION
Extent 654p.
Dimensions 27cm(pbk)
700 ## - ADDED ENTRY--PERSONAL NAME
Personal name Kumar, Sanjeev
9 (RLIN) 59319
700 ## - ADDED ENTRY--PERSONAL NAME
Personal name Kumar Singh, Sunil
9 (RLIN) 59322
700 ## - ADDED ENTRY--PERSONAL NAME
Personal name Suman, R.P
9 (RLIN) 59330
700 ## - ADDED ENTRY--PERSONAL NAME
Personal name Sinha, Renu
9 (RLIN) 59331
700 ## - ADDED ENTRY--PERSONAL NAME
Personal name Ahilya, Rani
9 (RLIN) 59332
942 ## - ADDED ENTRY ELEMENTS (KOHA)
Source of classification or shelving scheme Dewey Decimal Classification
Item type English Books
Classification part 000
Call number suffix SAN
Holdings
Withdrawn status Lost status Not for loan Collection code Home library Current library Date acquired Source of acquisition Cost, normal purchase price Full call number Barcode Copy number Cost, replacement price Koha item type
      Non-fiction Vinoba Puri Vinoba Puri 01/12/2023 DBAD/PUB 480.00 000 SAN EN-122064 1 480.00 English Books

© Delhi Public Library
Hit Counter
free hit counter